000 00188 a2200097 4500
020 _a9788474440287
041 _aspa
100 _aGreene, Graham
245 _aEl pequeǫ tren
942 _cBK
999 _c31914
_d31912